It looks like you're offline.
Open Library logo
additional options menu

MARC record from Internet Archive

LEADER: 00529cam a2200193 a 4500
001 96006902
003 DLC
005 20141023074727.0
008 960208s1996 nyu 000 1 eng
010 $a 96006902
020 $a1568580622
040 $aDLC$cDLC$dDLC
050 00 $aPS3554.I3915$bR53 1996
082 00 $a813/.54$220
100 1 $aDi Filippo, Paul,$d1954-
245 10 $aRibofunk /$cby Paul Di Filippo.
260 $aNew York :$bFour Walls Eight Windows,$cc1996.
300 $a295 p. ;$c21 cm.
650 0 $aScience fiction, American.